00209nam a2200085Ia 4500008004100000041000800041082001500049100002000064245003900084240625s9999 xx 000 0 und d aeng a808.20 KOH aKOHLI KANUPRIYA aYOUTH PROGRAMME AND BACK TO SCHOOL